Statistics for Most Common Girls Names in the Americas

Click here to take the quiz!

General Stats

  • This quiz has been taken 207 times
  • The average score is 28 of 70

Answer Stats

RankName% Correct
Brazil (2015)Maria
87%
Mexico (2013)Emilia
83%
Chile (2015)Emilia
83%
United States (2016)Emma
83%
Canada, Quebec (2015)Emma
83%
Brazil (2015)Emilia
80%
United States (2016)Emily
77%
Mexico (2013)Maria Jose
74%
Canada, Quebec (2015)Olivia
73%
United States (2016)Olivia
73%
Mexico (2013)Sofia
73%
Chile (2015)Sofia
73%
Brazil (2015)Sofia
73%
Mexico (2013)Dulce Maria
72%
Peru (2012)Maria
71%
Mexico (2013)Maria Fernanda
71%
Venezuela (2011)Mariana
71%
United States (2016)Isabella
62%
Venezuela (2011)Isabella
62%
United States (2016)Ava
61%
Canada, Quebec (2015)Charlotte
52%
United States (2016)Charlotte
52%
Mexico (2013)Mia
52%
United States (2016)Mia
52%
Canada, Quebec (2015)Chloe
47%
Venezuela (2011)Sofia
47%
United States (2016)Sophia
47%
Venezuela (2011)Victoria
47%
Canada, Quebec (2015)Rosalie
42%
Canada, Quebec (2015)Alice
41%
Peru (2012)Alexandra
38%
Peru (2012)Abigail
37%
United States (2016)Abigail
37%
Canada, Quebec (2015)Zoe
34%
Mexico (2013)Zoe
34%
Brazil (2015)Zoe
34%
Chile (2015)Amanda
33%
Canada, Quebec (2015)Lea
33%
Venezuela (2011)Samantha
32%
Venezuela (2011)Nicole
31%
Brazil (2015)Paula
31%
Brazil (2015)Elena
30%
Brazil (2015)Lucia
30%
Peru (2012)Luciana
30%
Chile (2015)Josefa
29%
Peru (2012)Ariana
28%
United States (2016)Harper
27%
Mexico (2013)Martina
23%
Brazil (2015)Martina
23%
Chile (2015)Martina
23%
Peru (2012)Milagros
22%
Venezuela (2011)Valentina
20%
Peru (2012)Valentina
20%
Mexico (2013)Valentina
20%
Brazil (2015)Valentina
20%
Venezuela (2011)Valeria
20%
Canada, Quebec (2015)Florence
19%
Chile (2015)Florencia
19%
Peru (2012)Camila
18%
Venezuela (2011)Camila
18%
Canada, Quebec (2015)Beatrice
16%
Peru (2012)Fernanda
11%
Brazil (2015)Catalina
9%
Mexico (2013)Ximena
8%
Venezuela (2011)Antonella
5%
Chile (2015)Antonella
5%
Chile (2015)Agustina
4%
Peru (2012)Luz
2%
Chile (2015)Isidora
1%
Chile (2015)Maite
0%

Score Distribution

Percentile by Number Answered

Percent of People with Each Score

Your Score History

You have not taken this quiz